Chhattisgarh - State Quiz - Statistics

General Stats
  • This quiz has been taken 31 times
  • The average score is 10 of 18
Answer Stats
Hint Answer % Correct
Hindi
100%
It was a part of this state until 2000 Madhya Pradesh
88%
Capital and largest city Raipur
81%
Around half of the area of the state is covered by these Forests
73%
State nickname {Rice} Bowl of India
73%
What number does chhattis mean in its official languages? Thirty-six
73%
Official languages Chhattisgarhi
58%
What is the "chief occupation" of the state? Agriculture
54%
The state sits on two major plateaus. Name either. Chhota Nagpur | Deccan
54%
The state is a leading producer of this type of fossil fuel Coal
54%
River originating from this state and draining into the Bay of Bengal Mahanadi
54%
City home to India's first steel plant Bhilai
50%
Largest tribe, once ruled over a large kingdom known as Gondwana Gondi
50%
What marine animal does state look like? Seahorse
50%
Mountain range found in its western regions Satpuras
35%
State animal Wild Water Buffalo
31%
Ancient kingdom that ruled over this region, attributed as the native place of Rama Kosala
27%
Famous Indian director born in the above city, known for Barfi! Anurag Basu
12%
No matching quizzes found
Score Distribution
Percent of People with Each Score
Percentile by Number Answered
Your Score History
You have not taken this quiz